Where in the World Is Harry Potter!? Quiz Stats

 Plays Quiz Updated Feb 27, 2021

Support Sporcle.
Go Orange.
Score 0/17 Timer 06:00
0 Plays Today
Description Location % Correct
Located in Scotland, this is the only school for young wizards and witches in Britain.Hogwarts School of Witchcraft and Wizardry
90.7%
Located in London, this place is home to a bank, a newspaper, a pub or two, and various school supply stores.Diagon Alley
90.3%
Located at the corner of two most famous alleys, this is the place where British witches and wizards store their money and other valuables.Gringotts Wizarding Bank
86.4%
Located in the heart of London, the actual structure is all underground. It has 10 levels, holding offices for many members of the community.Ministry of Magic
84.3%
Located at Kings Cross Station, this is the only place to go if you want to get on the Hogwarts Express. Platform Nine and Three Quarters
82.7%
Located in Scotland, this is the only entirely wizarding village in Britain; it's a picturesque little village of thatched cottages and shops. Hogsmeade
80.5%
Falsely rumored to be haunted, this place is a favorite stop for students on a weekend visit to the nearby village.Shrieking Shack
75%
Home to another pure-blooded family, this crazily-built house is held up by magic and located just outside the village of Ottery St. Catchpole. The Burrow
74%
Located in southwestern England in Wiltshire, this 'handsome manor house' with extensive grounds his home to a very rich and powerful wizarding family.Malfoy Manor
72.4%
Description Location % Correct
Located around the corner from another popular alley is this alley devoted to the Dark Arts.Knockturn Alley
68.8%
Though a Muggle village, this neighborhood has a storied wizarding history - housing notable wizards and witches for over a thousand years. Godric's Hollow
68.3%
Located in London, this is the primary (and likely only) place for wizards to go for 'healers' in Britain. St. Mungo's Hospital for Magical Maladies and Injuries
64.9%
Located on a cliffside with a view of the sea, this quaint seaside house is called home to the newlywed Weasleys.Shell Cottage
58.4%
Though we can't be certain where it's located, Tom Riddle visited this place as a boy on a trip with his orphanage - and later stored a most precious item there. The Cave
57.8%
A perfectly normal little suburb in Surrey, where you'll find the perfectly normal residence of number four, Privet Drive.Little Whinging
57.1%
Tucked away in northwestern London is this home of yet another pureblooded family. It is both Unplottable and hidden behind a Fidelius Charm, so it is invisible to all but a fewNumber 12, Grimmauld Place
52.7%
A town important to recent wizarding history, this small village is the location of the Riddle House, where Tom Riddle killed his father and grandparents.Little Hangleton
31.1%

You're not logged in!

Compare scores with friends on all Sporcle quizzes.
OR
Log In
Forgot?

From the Vault

Find the US States in Greek

by mhershfield

Language 10m
We're helping Zeus build a map. Don't tell him, it's a surprise.
Remove Ads.
Support Sporcle.
Get the best of Sporcle when you Go Orange. This ad-free experience offers more features, more stats, and more fun while also helping to support Sporcle. Thank you for becoming a member.

Show Comments

Extras

Top Quizzes Today


Score Distribution

Your Account Isn't Verified!

In order to create a playlist on Sporcle, you need to verify the email address you used during registration. Go to your Sporcle Settings to finish the process.

Report this User

Report this user for behavior that violates our Community Guidelines.

Details: